Statistics for Countries with colonies

Click here to take the quiz!

General Stats

  • This quiz has been taken 413 times
  • The average score is 13 of 15

Answer Stats

Answer% Correct
United Kingdom
99%
France
97%
Spain
97%
United States
96%
Portugal
95%
Russia
95%
Italy
94%
Germany
93%
Belgium
91%
Netherlands
90%
Denmark
89%
Sweden
88%
Japan
87%
Polish-Lithuanian Commonwealth
56%
Oman
20%

Score Distribution

Percentile by Number Answered

Percent of People with Each Score

Your Score History

You have not taken this quiz